| 000 | 00443nam a22001457a 4500 | ||
|---|---|---|---|
| 005 | 20161025121503.0 | ||
| 008 | 161025b xxu||||| |||| 00| 0 eng d | ||
| 050 | _aPT1915.E1B7 | ||
| 100 |
_aGoethe, Johana W. _926973 |
||
| 245 |
_aGoethe egmont dichtung und wirklichkeit _cby Goethe, Johana W. |
||
| 260 |
_aFrankfurt _bVerlag Ullstein _c1969 |
||
| 300 |
_a175p.; _c18cm. |
||
| 700 |
_aBruck, Max von _ced. _926974 |
||
| 942 |
_2lcc _cMONOGRAPH |
||
| 999 |
_c125575 _d125575 |
||